A administração pública sob a perspectiva do controle externo / (Record no. 338)

MARC details
000 -LÍDER
Campo Fixo de Controle 00977cam a2200265 a 4500
001 - NÚMERO DE CONTROLE
Campo de Controle 338
003 - IDENTIFICAÇÃO DO NÚMERO DE CONTROLE
Campo de Controle BR-CuiBMT
005 - DATA E HORA DA ÚLTIMA ATUALIZAÇÃO
Campo de Controle 20231120005654.0
008 - DADOS FIXOS
Dados Fixos 231031s2011 mgba 001 0 por d
020 ## - INTERNATIONAL STANDARD BOOK NUMBER
Nº do ISBN 9788577004164
040 ## - AGÊNCIA CATALOGADORA
Código da Agência Catalogadora BR-CuiBMT
Agência que transcreveu o registro BR-CuiBMT
080 ## - Nº DA CLASSIFICAÇÃO DECIMAL UNIVERSAL
Nº edição CDU 2007
Nº Class. CDU 35.078.3
090 ## - NÚMERO DE CHAMADA
Nº classificação 35.078.3
Cutter A282a
100 1# - ENTRADA PRINCIPAL -- AUTOR PESSOAL
Nome pessoal Aguiar, Ubiratan Diniz de,
Datas associadas ao nome 1941-
245 12 - TÍTULO PRINCIPAL
Título principal A administração pública sob a perspectiva do controle externo /
Indicação de responsabilidade Ubiratan Diniz de Aguiar, Márcio André Santos de Albuquerque, Paulo Henrique Ramos Medeiros ; prefácio Jorge Ulisses Jacoby Fernandes.
260 ## - PUBLICAÇÃO, DISTRIBUIÇÃO, ETC.
Local de publicação Belo Horizonte :
Editora Fórum,
Data 2011.
300 ## - DESCRIÇÃO FÍSICA
N. páginas ou volumes 520 p. ;
Dimensões 24 cm
504 ## - NOTA DE BIBLIOGRAFIA, ETC.
Nota de bibliografia Inclui bibliografia e índice.
590 ## - NOTA LOCAL
Campo de ligação e número de sequência A Biblioteca possui 1. reimpr. 2011.
650 ## - ASSUNTO TÓPICO
Cabeçalho tópico ou nome geográfico Gestão pública
650 ## - ASSUNTO TÓPICO
Cabeçalho tópico ou nome geográfico Administração pública
Subdivisão geral Controle judicial
Subdivisão geográfica Brasil
650 ## - ASSUNTO TÓPICO
Cabeçalho tópico ou nome geográfico Tribunal de contas
Subdivisão geral Regulação
Subdivisão geográfica Brasil
650 ## - ASSUNTO TÓPICO
Cabeçalho tópico ou nome geográfico Controle externo
Subdivisão geográfica Brasil
942 ## - ELEMENTOS DE ENTRADA ADICIONAIS (KOHA)
Fonte de classificação ou esquema de arquivamento Classificação Decimal Universal
Tipo de item do Koha Livros
Holdings
Estado: removido Estado: perdido Fonte de classificação ou esquema de arquivamento Estado: danificado Indisponível para empréstimo Localização permanente Localização atual Data de aquisição Total Checkouts Número de Chamada completo Código de barras Date last seen Número do exemplar Preço efetivo a partir de Tipo de item (Koha) Nota pública
    Classificação Decimal Universal     Biblioteca da Escola Superior de Contas do TCE/MT Biblioteca da Escola Superior de Contas do TCE/MT 01/11/2023   35.078.3 A282a BIBTCEMT23110013 01/11/2023 Ex. 1 01/11/2023 Livros 1. reimpr. 2011
    Classificação Decimal Universal     Biblioteca da Escola Superior de Contas do TCE/MT Biblioteca da Escola Superior de Contas do TCE/MT 27/11/2023   35.078.3 A282a BIBTCEMT23111129 27/11/2023 Ex. 2 27/11/2023 Livros  
    Classificação Decimal Universal     Biblioteca da Escola Superior de Contas do TCE/MT Biblioteca da Escola Superior de Contas do TCE/MT 27/11/2023   35.078.3 A282a BIBTCEMT23111137 27/11/2023 Ex. 3 27/11/2023 Livros  

Powered by Koha